02251naa a2200181 a 450000100080000000500110000800800410001910000170006024501150007726000090019252016370020165000200183865000240185865000240188270000200190670000150192677301280194111338502023-10-26 2023 bl uuuu u00u1 u #d1 aROSAR, C. R. aMANEJO DA SARNA DA MACIEIRA COM USO DE ALTERNATIVAS SUSTENT??VEIS NA SERRA CATARINENSE.h[electronic resource] c2023 aA ma???? (Malus domestica Borkh) ?? um fruto muito consumido no mundo, por??m h?? ocorr??ncia de doen??as no seu ciclo de cultivo, como a sarna da macieira, causada pelo fungo Venturia inaequalis (V. inaequalis). O manejo ocorre principalmente a partir do uso do controle qu??mico, portanto, faz-se necess??rio fomentar pr??ticas de manejo de doen??as, com o emprego de tecnologias alternativas. Objetivo: Avaliar o manejo alternativo e sustent??vel para o controle da sarna da ma???? no munic??pio de S??o Joaquim/SC. M??todo: O experimento ser?? conduzido na ??rea experimental da EPAGRI/S??o Joaquim, SC em um pomar de macieira copa ?Gala? enxertada sobre o porta- enxerto ?Marubakaido?, distribu??do na forma blocos casualizados com quatro repeti????es. Ser??o utilizados dois tratamentos constitu??dos de ativos naturais nanoencapsulados e tr??s com produtos biol??gicos, al??m do controle positivo com uso de um fungicida qu??mico de contato para compara????o com os demais tratamentos, e o controle negativo sem nenhuma aplica????o. As folhas e frutos com sintomas da sarna ser??o infectados naturalmente por V. inaequalis. Ser??o realizadas seis pulveriza????es por ciclo com intervalos de sete a dez dias. A avalia????o da sarna ser?? determinada pela incid??ncia da doen??a em 10 folhas/ramo e 30 frutos/planta no final de novembro de 2022, sendo que nos 30 frutos, ser?? avaliada a severidade do ?Russeting?. Resultados esperados: Espera-se que o emprego dos produtos biol??gicos e nanoencapsulados, auxiliem para o manejo da sarna da ma????, reduzindo o impacto negativo ao ambiente, sa??de e sociedade. aMalus domestica aManejo sustent??vel aVenturia inaequalis1 aAGOSTINETTO, L.1 aARAUJO, L. tIn: SIMP??SIO INTERNACIONAL CI??NCIA, SA??DE E TERRIT??RIO, 7., 2023, Lages, SC. Resumos... Lages, SC: UNIPLAC, 2023. p. 78